| 000 | 00686nam a22002177a 4500 | ||
|---|---|---|---|
| 999 |
_c9099 _d9099 |
||
| 001 | 9099 | ||
| 003 | OSt | ||
| 005 | 20180717101758.0 | ||
| 008 | 180308b1976 bg ||||| |||| 00| 0 ben d | ||
| 035 | _a(BD-JhCC)9099 | ||
| 040 |
_aBD-JhCC _dBD-JhCC |
||
| 041 | _aben | ||
| 082 |
_a547 _bJAB 1976 |
||
| 100 | _aজব্বার, মো: আব্দুল | ||
| 245 |
_aউচ্চতর মাধ্যমিক রসায়ন : _cঅজৈব (ভৌত, অধাতু ও ধাতু) / _b মো: আব্দুল জব্বার |
||
| 260 |
_aঢাকা: _c1976. |
||
| 300 |
_a1005 p. : _c22 cm. |
||
| 650 | _aInorganic Cher | ||
| 942 |
_2ddc _cBK |
||